| 000 | 00459cam a2200157ua 4500 | ||
|---|---|---|---|
| 041 |
_aeng _h |
||
| 082 |
_a828.09 _bTRO/AL |
||
| 100 | _aTrott, Anthony . | ||
| 245 |
_aAlexander Pope: an essay on criticism Windsor Forest the rape of the lock / _cAnthonny Trott. _hTextual Documents |
||
| 260 |
_aLondon : _bMacMillan and Company Limited , _c1966. |
||
| 300 | _a253 ; . | ||
| 504 | _a | ||
| 700 | 1 | _aMartin, Axford . | |
| 942 | _cBK | ||
| 999 |
_c11859 _d11859 |
||